Logo BPK

Biblioteka

Politechniki Koszalińskiej

The Doubles / (Rekord nr 48620)

Szczegóły MARC
000 -ETYKIETA REKORDU
podpole kontrolne o stałej długości 00627nam a2200229 i 4500
001 - NUMER KONTROLNY REKORDU
pole kontrolne bgj
020 ## - MIĘDZYNARODOWY ZNORMALIZOWANY NUMER KSIĄŻKI - ISBN
ISBN 5050010411
040 ## - ŹRÓDŁO KATALOGOWANIA
Instytucja, która utworzyła rekord BPK
041 1# - KOD JĘZYKA
Kod języka tekstu eng
Kod języka oryginału rus
920 ## - Międzynarodowy znormalizowany numer książki – ISBN
ISBN 5-05-001041-1
008 - POLE O STAŁEJ DŁUGOŚCI - DANE KONTROLNE
podpole kontrolne o stałej długości s uk f |000 0 eng
100 1# - NAZWA OSOBOWA
Nazwa osobowa MIKHANOVSKY, Vladimir.
245 10 - TYTUŁ/ODPOWIEDZIALNOŚĆ
Tytuł The Doubles /
Pozostałe elementy strefy tytułu i oznaczenia odpowiedzialności Vladimir Mikhanovsky.
260 ## - STREFA ADRESU WYDAWNICZEGO
Miejsce wydania Moscow :
Nazwa wydawcy/dystrybutora Raduga Publishers,
Data publikacji, dystrybucji/powstania dokumentu 1987.
300 ## - STREFA OPISU FIZYCZNEGO
Objętość 501, [1] pp :
Inne cechy fizyczne ill. ;
Rozmiary 17 cm.
650 #9 - HASŁO PRZEDMIOTOWE W FORMIE NAZWY OGÓLNEJ LUB JEDNOSTKOWEJ
Nazwa ogólna lub geograficzna Fantastic fiction, Russian
Określnik ogólny Translations into English
740 02 - HASŁO DODATKOWE - TYTUŁ DOKUMENTU ZWIAZANEGO/TYTUŁ PRACY WSPÓŁWYDANEJ
Tytuł The Doubles
740 02 - HASŁO DODATKOWE - TYTUŁ DOKUMENTU ZWIAZANEGO/TYTUŁ PRACY WSPÓŁWYDANEJ
Tytuł The Land of Inforia
740 02 - HASŁO DODATKOWE - TYTUŁ DOKUMENTU ZWIAZANEGO/TYTUŁ PRACY WSPÓŁWYDANEJ
Tytuł Ends and Means
740 02 - HASŁO DODATKOWE - TYTUŁ DOKUMENTU ZWIAZANEGO/TYTUŁ PRACY WSPÓŁWYDANEJ
Tytuł The Violet
856 ## - LOKALIZACJA I DOSTĘP DO ELEKTRONICZNYCH DOKUMENTÓW ZDALNYCH
Link (URL) http://koha.tu.koszalin.pl/cgi-bin/koha/opac-detail.pl?biblionumber=48620
Tekst linku Katalog online BPK
942 ## - DODATKOWE ELEMENTY (KOHA)
Typ dokumentu Książka
Egzemplarze
Wycofany Status egzemplarza Uszkodzony Dostępność Lokalizacja stała Lokalizacja bieżąca Miejsce przechowywania Sygnatura Kod kreskowy Typ dokumentu
      Dostępny Biblioteka Politechniki Koszalińskiej Biblioteka Politechniki Koszalińskiej Wypożyczalnia Językowa KA 5919 09053083 Książka
© 2023 Biblioteka Politechniki Koszalińskiej :: KOHA